Prof. Ing. Pavel Fellner, DrSc.

Bibliographic Details
Main Author: Žúžiová, Anna (Author)
Format: Article
Language:Slovak
PhysicalDescription:Fotogr.
ISSN:1336-7242
Subjects:

MARC

LEADER 00000nab a2200000 ar4500
001 vtls009151180
003 SK-MaSNL
005 20260303225707.0
008 071018c2007 xo |||||||||||000 b|slo
015 |a SNBRB2007/10  |2 snkbucl 
038 |a SNKBUCL 
040 |a SNKBUCL  |b slo  |c SNKBUCL  |e AACR2 
041 0 |a slo 
044 |a xo  |c SK 
080 |a 66-051  |2 2001 
080 |a 37-051  |2 2001 
080 |a 929 Fellner, Pavel  |2 2001 
080 |a 54-051  |2 2001 
100 1 |a Žúžiová, Anna  |4 aut  |9 10269 
245 1 0 |a Prof. Ing. Pavel Fellner, DrSc.  |c Anna Žúžiová 
300 |b Fotogr. 
600 1 7 |a Fellner, Pavel,  |d 1942-2024  |2 snkbucl  |9 133576 
773 0 |t ChemZi  |g Roč. 3, č. 1 (2007), s. 44  |x 1336-7242 
852 |a SNK  |b KIS3GCP 
958 |a SK 
958 |a BX 
958 |a CZ 
999 |c 2258024  |d 2259954